[Event "Almansa 2014 - Torneo B"]
[Site "Almansa ESP"]
[Date "2014.08.05"]
[Round "1.1"]
[White "Losa Ordonez, Juan Jose"]
[Black "Cebrian Flores, Juan Antonio"]
[Result "1-0"]
[WhiteElo "1646"]
[BlackElo "1995"]
[PlyCount "44"]
[EventDate "2014.08.05"]
[EventType "swiss"]
[EventRounds "9"]
[EventCountry "ESP"]
[Source "lmi"]
[SourceDate "2014.08.05"]

1. e4 c5 2. Nf3 d6 3. d4 cxd4 4. Nxd4 Nf6 5. Nc3 g6 6. f4 Nc6 7. Be2 Bg7 8. Be3
O-O 9. Nxc6 bxc6 10. g4 Qa5 11. Bf3 Rb8 12. Bd2 Rxb2 13. h4 Nxg4 14. Nd5 Qd8
15. Bxg4 Bxg4 16. Qxg4 cxd5 17. exd5 Rxc2 18. h5 Bxa1 19. hxg6 fxg6 20. Qe6+
Kg7 21. f5 Rxf5 22. Qe3 Re5 1-0

[Event "Almansa 2014 - Torneo B"]
[Site "Almansa ESP"]
[Date "2014.08.05"]
[Round "1.2"]
[White "Diaz Rodriguez, Jose Antonio"]
[Black "Lechuga Cabrero, Diego"]
[Result "1-0"]
[WhiteElo "1989"]
[BlackElo "1641"]
[PlyCount "67"]
[EventDate "2014.08.05"]
[EventType "swiss"]
[EventRounds "9"]
[EventCountry "ESP"]
[Source "lmi"]
[SourceDate "2014.08.05"]

1. d4 Nf6 2. Nf3 e6 3. Bg5 d5 4. e3 Nbd7 5. Bd3 Be7 6. Nbd2 O-O 7. O-O c5 8. c4
h6 9. Bh4 a6 10. a4 b6 11. Ne5 Bb7 12. f4 Ne4 13. Bxe7 Qxe7 14. cxd5 exd5 15.
Bxe4 dxe4 16. Ndc4 Rfd8 17. Nxd7 cxd4 18. Ncxb6 dxe3 19. Qe2 Rxd7 20. Nxd7 Qxd7
21. Rfd1 Qe6 22. Qxe3 Rc8 23. Rac1 Rc6 24. Rxc6 Qxc6 25. b3 Kh7 26. h3 f5 27.
Rc1 Qd5 28. Rc5 Qd7 29. Qc3 Qd1+ 30. Kh2 Qf1 31. Qe3 Kg6 32. Rc7 Bd5 33. Qg3+
Kh5 34. Rxg7 1-0

[Event "Almansa 2014 - Torneo B"]
[Site "Almansa ESP"]
[Date "2014.08.05"]
[Round "1.3"]
[White "Tarraga Navarro, Pablo"]
[Black "Perez Torres, Juan Jose"]
[Result "1/2-1/2"]
[WhiteElo "1633"]
[BlackElo "1983"]
[PlyCount "63"]
[EventDate "2014.08.05"]
[EventType "swiss"]
[EventRounds "9"]
[EventCountry "ESP"]
[Source "lmi"]
[SourceDate "2014.08.05"]

1. e4 e6 2. d4 d5 3. exd5 exd5 4. Bd3 Nf6 5. Bf4 Be7 6. Nf3 Nc6 7. c3 Bg4 8.
Nbd2 Bd6 9. Bxd6 Qxd6 10. O-O O-O 11. Qc2 h6 12. Rfe1 Rfe8 13. b4 a6 14. a4 b6
15. Rab1 Bd7 16. Rxe8+ Bxe8 17. b5 axb5 18. axb5 Na5 19. Ne5 Nd7 20. Ndf3 f6
21. Ng6 c5 22. bxc6 Nxc6 23. Ngh4 Ne7 24. Nf5 Nxf5 25. Bxf5 Nf8 26. h3 b5 27.
Bd3 Rb8 28. Rb4 Qa6 29. Qb2 Kh8 30. Nd2 Ne6 31. Nb1 Nc7 32. Qe2 1/2-1/2

[Event "Almansa 2014 - Torneo B"]
[Site "Almansa ESP"]
[Date "2014.08.05"]
[Round "1.4"]
[White "Idiazabal Troyas, Aritz"]
[Black "Palao Morales, Antonio"]
[Result "1-0"]
[WhiteElo "1979"]
[BlackElo "1629"]
[PlyCount "113"]
[EventDate "2014.08.05"]
[EventType "swiss"]
[EventRounds "9"]
[EventCountry "ESP"]
[Source "lmi"]
[SourceDate "2014.08.05"]

1. e4 e6 2. d3 Nf6 3. Nf3 Be7 4. g3 d5 5. Nbd2 c6 6. Bg2 h6 7. O-O O-O 8. Re1
Qb6 9. e5 Nfd7 10. Nb3 c5 11. c3 Nc6 12. Qe2 Qc7 13. h4 b6 14. Bf4 Ba6 15. Nbd2
Rae8 16. Nf1 d4 17. c4 Bb7 18. N1h2 Bd8 19. Nd2 Ne7 20. h5 Nf5 21. g4 Bxg2 22.
gxf5 Bh3 23. f6 Qc6 24. Ne4 Kh7 25. Qf3 Rg8 26. Qxh3 gxf6+ 27. Kf1 fxe5 28. Qf3
Qa8 29. Bxh6 f5 30. Bd2 Ref8 31. Ng3 e4 32. dxe4 fxe4 33. Qxe4+ Qxe4 34. Nxe4
Ne5 35. b3 Nd3 36. Re2 Rf5 37. h6 Rh5 38. f3 e5 39. Rg2 Rf5 40. Rxg8 Kxg8 41.
Ke2 Nf4+ 42. Bxf4 exf4 43. Rg1+ Kh7 44. Ng4 Be7 45. Kd3 a6 46. Re1 b5 47. cxb5
axb5 48. Nc3 Bh4 49. Rh1 b4 50. Rxh4 dxc3 51. Ke4 Rf7 52. Rh5 Rc7 53. Rh1 Ra7
54. Kf5 Rxa2 55. Nf6+ Kh8 56. Rg1 Ra8 57. h7 1-0

[Event "Almansa 2014 - Torneo B"]
[Site "Almansa ESP"]
[Date "2014.08.05"]
[Round "1.5"]
[White "Donadio Falcon, Pablo"]
[Black "Alvarez Morales, Miguel"]
[Result "0-1"]
[WhiteElo "1628"]
[BlackElo "1979"]
[PlyCount "94"]
[EventDate "2014.08.05"]
[EventType "swiss"]
[EventRounds "9"]
[EventCountry "ESP"]
[Source "lmi"]
[SourceDate "2014.08.05"]

1. e4 g6 2. d4 Bg7 3. Nc3 c6 4. Be3 d5 5. Nf3 Bg4 6. exd5 cxd5 7. Bb5+ Nc6 8.
O-O Nf6 9. h3 Bd7 10. Qd2 Qb6 11. Bd3 Nb4 12. Ne5 Nxd3 13. Qxd3 Bf5 14. Qb5+
Qxb5 15. Nxb5 O-O 16. f3 a6 17. Na3 Rfc8 18. c3 Nd7 19. Nxd7 Bxd7 20. Nc2 e6
21. Rfc1 a5 22. Ne1 b6 23. Bf4 f6 24. Rd1 a4 25. a3 Bb5 26. Be3 Bc4 27. Nd3 Bf8
28. Nb4 Kf7 29. Kf2 Bd6 30. Rd2 g5 31. g3 h5 32. h4 Rh8 33. hxg5 Rag8 34. f4 h4
35. Rg1 fxg5 36. fxg5 Bxg3+ 37. Rxg3 hxg3+ 38. Kxg3 Kg6 39. Nc6 Kf5 40. Ne7+
Ke4 41. Bf4 Rh7 42. Nc6 Rgh8 43. Be5 Rh3+ 44. Kg2 R8h5 45. g6 R3h4 46. g7 Rg4+
47. Bg3 Rhg5 0-1

[Event "Almansa 2014 - Torneo B"]
[Site "Almansa ESP"]
[Date "2014.08.05"]
[Round "1.6"]
[White "Moreno Brocalero, Jorge"]
[Black "Garcia Gimenez, Santiago"]
[Result "1-0"]
[WhiteElo "1960"]
[BlackElo "1627"]
[PlyCount "133"]
[EventDate "2014.08.05"]
[EventType "swiss"]
[EventRounds "9"]
[EventCountry "ESP"]
[Source "lmi"]
[SourceDate "2014.08.05"]

1. e4 e5 2. Nf3 Nc6 3. Bc4 Nf6 4. d3 d6 5. h3 Be7 6. c3 O-O 7. b4 a5 8. b5 Nb8
9. a4 Nbd7 10. Be3 h6 11. Nbd2 c6 12. Qb3 Nb8 13. d4 d5 14. exd5 cxd5 15. Be2
e4 16. Ne5 Be6 17. O-O Nbd7 18. f4 Nxe5 19. fxe5 Nh7 20. c4 dxc4 21. Bxc4 Bxc4
22. Qxc4 Bg5 23. Qb3 Bxe3+ 24. Qxe3 Qg5 25. Rf4 f5 26. exf6 Nxf6 27. Nxe4 Nxe4
28. Rxe4 Qf6 29. Rd1 Rad8 30. d5 Rf7 31. Re8+ Rxe8 32. Qxe8+ Rf8 33. Qe1 Qb6+
34. Kh1 Rd8 35. Qe7 Rd6 36. Qe8+ Kh7 37. Qe4+ Kg8 38. Rf1 Qd8 39. Rf5 b6 40.
Re5 Kf7 41. Qg4 Kg8 42. Qf4 Rf6 43. Rf5 Rd6 44. Kh2 g6 45. Re5 Qf6 46. Kg3 Kf7
47. Kf3 Qxf4+ 48. Kxf4 Kf6 49. Ke4 Kf7 50. Kd4 Rf6 51. Re4 g5 52. h4 gxh4 53.
Rxh4 Ke7 54. Ke5 Rg6 55. g4 Rg5+ 56. Ke4 Rg6 57. Kf5 Rg5+ 58. Kf4 Rg6 59. Rh5
Rd6 60. Re5+ Kf6 61. g5+ hxg5+ 62. Rxg5 Kf7 63. Ke5 Rh6 64. Rf5+ Ke7 65. d6+
Kd7 66. Rf7+ Kc8 67. Kd5 1-0

[Event "Almansa 2014 - Torneo B"]
[Site "Almansa ESP"]
[Date "2014.08.05"]
[Round "1.8"]
[White "Navarro Cabrera, Carlos"]
[Black "Nadal Fajardo, Ricard"]
[Result "0-1"]
[WhiteElo "1616"]
[BlackElo "1941"]
[PlyCount "80"]
[EventDate "2014.08.05"]
[EventType "swiss"]
[EventRounds "9"]
[EventCountry "ESP"]
[Source "lmi"]
[SourceDate "2014.08.05"]

1. c4 Nf6 2. Nc3 c6 3. Nf3 d5 4. d3 e6 5. g3 Nbd7 6. Bg2 Be7 7. O-O O-O 8. e4
dxc4 9. dxc4 e5 10. Be3 Qc7 11. Nd2 Bc5 12. Qe2 Re8 13. Rab1 a5 14. Na4 Bxe3
15. Qxe3 Nf8 16. c5 Be6 17. Nb6 Rad8 18. Ndc4 Rd4 19. Nd6 Rd8 20. Nf5 Bxf5 21.
exf5 N8d7 22. Nxd7 Nxd7 23. Rfe1 Nxc5 24. Qxe5 Qxe5 25. Rxe5 Nd3 26. Rxa5 Kf8
27. Ra3 Ne5 28. Re3 Nc4 29. Re2 Rd1+ 30. Re1 Rxe1+ 31. Rxe1 Nxb2 32. Re2 Nc4
33. Be4 Rd2 34. Rxd2 Nxd2 35. Bc2 Nf3+ 36. Kh1 Ke7 37. Bd1 Nd4 38. g4 c5 39.
Bb3 Nxb3 40. axb3 b5 0-1

[Event "Almansa 2014 - Torneo B"]
[Site "Almansa ESP"]
[Date "2014.08.05"]
[Round "1.9"]
[White "Bono Monreal, Alberto"]
[Black "Calatayud Ortega, Alberto"]
[Result "1-0"]
[WhiteElo "1596"]
[BlackElo "1939"]
[PlyCount "77"]
[EventDate "2014.08.05"]
[EventType "swiss"]
[EventRounds "9"]
[EventCountry "ESP"]
[Source "lmi"]
[SourceDate "2014.08.05"]

1. e4 c5 2. c3 Qa5 3. Nf3 Nc6 4. Be2 d6 5. O-O Nf6 6. Qc2 e5 7. Na3 Be7 8. Nc4
Qc7 9. a4 O-O 10. Rd1 Ne8 11. Ne3 Be6 12. Bc4 Rc8 13. d3 h6 14. Nd2 Bg5 15.
Ndf1 Qd8 16. Nd5 Bxc1 17. Raxc1 Qg5 18. Nde3 Kh8 19. Ng3 g6 20. Rf1 Bd7 21. Nd5
f5 22. exf5 gxf5 23. f4 Qg6 24. Qd2 Ng7 25. Qe2 Rfe8 26. Qf3 e4 27. dxe4 fxe4
28. Qe3 h5 29. f5 Nxf5 30. Nxf5 Bxf5 31. Rxf5 Qxf5 32. Rf1 Qg6 33. Rf6 Qg7 34.
Rh6+ Kg8 35. Ne7+ Kf8 36. Ng6+ Qxg6 37. Rxg6 Ne5 38. Qh6+ Ke7 39. Qg7+ 1-0

[Event "Almansa 2014 - Torneo B"]
[Site "Almansa ESP"]
[Date "2014.08.05"]
[Round "1.10"]
[White "Escabias Perez, Miguel"]
[Black "Garcia Porlan, Beatriz"]
[Result "0-1"]
[WhiteElo "1619"]
[BlackElo "1960"]
[PlyCount "58"]
[EventDate "2014.08.05"]
[EventType "swiss"]
[EventRounds "9"]
[EventCountry "ESP"]
[Source "lmi"]
[SourceDate "2014.08.05"]

1. e4 e5 2. Nf3 Nc6 3. d4 exd4 4. Nxd4 Nf6 5. Nc3 Bb4 6. Nxc6 bxc6 7. Bd3 O-O
8. Bd2 Re8 9. f3 d5 10. O-O Rb8 11. Qe1 Nd7 12. Rd1 dxe4 13. fxe4 Ne5 14. Be2
Bc5+ 15. Kh1 Qe7 16. Qg3 Bd6 17. Rf4 Ng6 18. b3 Nxf4 19. Bxf4 Bxf4 20. Qxf4 Be6
21. Na4 Rbd8 22. Bd3 f6 23. Qf2 a5 24. Nc5 Bf7 25. Nb7 Ra8 26. a4 Qb4 27. Nc5
Qb6 28. Re1 Re5 29. Nd7 Qxf2 0-1

[Event "Almansa 2014 - Torneo B"]
[Site "Almansa ESP"]
[Date "2014.08.06"]
[Round "2.1"]
[White "Cebrian Flores, Juan Antonio"]
[Black "Guillen Beltran, Juan"]
[Result "0-1"]
[WhiteElo "1995"]
[BlackElo "1755"]
[PlyCount "86"]
[EventDate "2014.08.05"]
[EventType "swiss"]
[EventRounds "9"]
[EventCountry "ESP"]
[Source "lmi"]
[SourceDate "2014.08.05"]

1. e4 e6 2. d4 d5 3. Nc3 Nf6 4. Bg5 Bb4 5. Nge2 dxe4 6. a3 Be7 7. Bxf6 Bxf6 8.
Nxe4 b6 9. g3 Bb7 10. Bg2 Nc6 11. c3 O-O 12. O-O Be7 13. b4 Rb8 14. Qb3 Qc8 15.
Rfd1 Rd8 16. Rac1 f5 17. Nd2 Bg5 18. Rc2 Kh8 19. Nf3 Bf6 20. Nf4 e5 21. Ne6 Rd6
22. d5 Nd8 23. Nxd8 Qxd8 24. c4 c6 25. c5 Rxd5 26. Rxd5 Qxd5 27. Qxd5 cxd5 28.
c6 Ba6 29. c7 Rc8 30. Ng5 Bxg5 31. Bxd5 Re8 32. Be6 Bc8 33. Bb3 e4 34. Rc6 Re7
35. a4 Bf6 36. a5 bxa5 37. b5 Be5 38. b6 axb6 39. Rxb6 Bxc7 40. Rc6 Bb7 41. Rc1
h6 42. h4 Bb6 43. Bc2 Rc7 0-1

[Event "Almansa 2014 - Torneo B"]
[Site "Almansa ESP"]
[Date "2014.08.06"]
[Round "2.2"]
[White "Ortin Blanco, Inigo"]
[Black "Idiazabal Troyas, Aritz"]
[Result "0-1"]
[WhiteElo "1741"]
[BlackElo "1979"]
[PlyCount "176"]
[EventDate "2014.08.05"]
[EventType "swiss"]
[EventRounds "9"]
[EventCountry "ESP"]
[Source "lmi"]
[SourceDate "2014.08.05"]

1. d4 g6 2. c4 Bg7 3. Nc3 d6 4. e4 Nd7 5. Nf3 c5 6. d5 Ngf6 7. Be2 O-O 8. h3 a6
9. O-O Ne8 10. a3 Rb8 11. Qc2 Ne5 12. Nxe5 dxe5 13. b4 cxb4 14. axb4 f5 15. c5
fxe4 16. Nxe4 Kh8 17. Bc4 Bf5 18. f3 Nf6 19. Qd3 Nh5 20. Qb3 b6 21. c6 b5 22.
Be2 e6 23. Bg5 Qxd5 24. Qxd5 exd5 25. Nc5 Ng3 26. Rfe1 e4 27. Rxa6 Bc3 28. Kf2
Bxe1+ 29. Kxe1 Nxe2 30. Kxe2 exf3+ 31. gxf3 Bxh3 32. Nd7 Rbe8+ 33. Kf2 Rf7 34.
Ra7 Rc8 35. Bf6+ Kg8 36. Bd4 Bxd7 37. cxd7 Rd8 38. Rb7 Rdxd7 39. Rb8+ Rf8 40.
Rxb5 Rdf7 41. Rxd5 Rxf3+ 42. Kg2 R3f5 43. Rd7 Rg5+ 44. Kh2 Rh5+ 45. Kg2 Rf4 46.
Bc5 Rg5+ 47. Kh3 h5 48. Rd8+ Kg7 49. Rd7+ Kh6 50. Bd4 Rf3+ 51. Kh2 Rgf5 52. Re7
Rf7 53. Be3+ g5 54. Re6+ R7f6 55. Re5 R3f5 56. Re7 h4 57. Bd4 Rd6 58. Re4 Kh5
59. Be3 Ra6 60. Rd4 Ra2+ 61. Kg1 h3 62. Rd1 Rf3 63. Bb6 Rfa3 64. Bd4 Rb3 65.
Kh1 Rxb4 66. Be5 Re4 67. Bd6 Ree2 68. Bc7 Kg4 69. Rf1 Rf2 70. Rg1+ Rg2 71. Rf1
Raf2 72. Ra1 Kf5 73. Ra5+ Ke4 74. Ra1 h2 75. Ra4+ Kd3 76. Ra3+ Kc2 77. Ra2+ Kb3
78. Rxf2 Rxf2 79. Bxh2 Kc3 80. Kg1 Ra2 81. Bg3 Kd3 82. Bf2 Ke4 83. Bb6 Kf3 84.
Bc5 g4 85. Bb6 Rg2+ 86. Kh1 Rb2 87. Bd4 Rb1+ 88. Bg1 Rxg1+ 0-1

[Event "Almansa 2014 - Torneo B"]
[Site "Almansa ESP"]
[Date "2014.08.06"]
[Round "2.3"]
[White "Alvarez Morales, Miguel"]
[Black "Duarte Garcia, Pilar"]
[Result "1-0"]
[WhiteElo "1979"]
[BlackElo "1744"]
[PlyCount "99"]
[EventDate "2014.08.05"]
[EventType "swiss"]
[EventRounds "9"]
[EventCountry "ESP"]
[Source "lmi"]
[SourceDate "2014.08.05"]

1. c4 c6 2. e4 d5 3. exd5 cxd5 4. cxd5 Nf6 5. Nc3 Nxd5 6. d4 e6 7. Nf3 Be7 8.
Bd3 Nc6 9. O-O O-O 10. Re1 b6 11. a3 Bb7 12. Bc2 Qd7 13. Qd3 g6 14. Ne4 f5 15.
Nc3 Kg7 16. Bd2 Bf6 17. Ne5 Nxe5 18. dxe5 Be7 19. Qh3 Rfd8 20. Rad1 Qc7 21. Bb3
Nxc3 22. Qxc3 Qxc3 23. Bxc3 Kf7 24. Bb4 Rac8 25. Bd6 Be4 26. Rd4 g5 27. f3 Bb7
28. Red1 f4 29. Bxe7 Rxd4 30. Rxd4 Kxe7 31. h4 h6 32. Rd6 Rc6 33. Rxc6 Bxc6 34.
Kh2 Bd5 35. Bc2 Kf7 36. Kh3 Bc4 37. Be4 Bd5 38. Bd3 Kg7 39. Kg4 gxh4 40. Kxh4
Bb3 41. Bf1 Bc2 42. Kg4 Kg6 43. Kxf4 Bb1 44. Bc4 Kf7 45. g4 Bc2 46. Kg3 Bd1 47.
f4 h5 48. gxh5 Bxh5 49. f5 Ke7 50. Bxe6 1-0

[Event "Almansa 2014 - Torneo B"]
[Site "Almansa ESP"]
[Date "2014.08.06"]
[Round "2.4"]
[White "Corrochano Utrilla, David"]
[Black "Moreno Brocalero, Jorge"]
[Result "0-1"]
[WhiteElo "1729"]
[BlackElo "1960"]
[PlyCount "110"]
[EventDate "2014.08.05"]
[EventType "swiss"]
[EventRounds "9"]
[EventCountry "ESP"]
[Source "lmi"]
[SourceDate "2014.08.05"]

1. e4 e6 2. d4 d5 3. Nc3 dxe4 4. Nxe4 Nd7 5. Nf3 Ngf6 6. Bd3 Be7 7. O-O O-O 8.
Qe2 b6 9. Neg5 Bb7 10. Re1 Bxf3 11. gxf3 Bd6 12. Nxf7 Rxf7 13. Qxe6 Nf8 14. Qh3
Kh8 15. Bg5 Re7 16. Kf1 Qe8 17. Qh4 Rxe1+ 18. Rxe1 Qf7 19. b3 Ng6 20. Qh3 Re8
21. Be3 Nf4 22. Bxf4 Rxe1+ 23. Kxe1 Bxf4 24. Bc4 Qd7 25. Be6 Qxd4 26. Kf1 Qd1+
27. Kg2 Qxc2 28. Bc4 Qg6+ 29. Kf1 Qe8 30. a4 c6 31. Qh4 Bd6 32. Bd3 Qe5 33. Qh3
Qe8 34. Qh4 Qd7 35. h3 Bc5 36. Be2 Qd4 37. Qg3 Bd6 38. Qg5 Qa1+ 39. Kg2 Qe5 40.
Qg3 Qxg3+ 41. fxg3 Kg8 42. f4 Kf7 43. Kf3 Nd7 44. Bc4+ Kf6 45. g4 h6 46. h4 g5
47. hxg5+ hxg5 48. fxg5+ Kxg5 49. Be6 Nc5 50. Bc4 a6 51. Bg8 Kf6 52. Ke3 Ke5
53. Bf7 Be7 54. Be8 Bg5+ 55. Ke2 Nxb3 0-1

[Event "Almansa 2014 - Torneo B"]
[Site "Almansa ESP"]
[Date "2014.08.06"]
[Round "2.5"]
[White "Garcia Porlan, Beatriz"]
[Black "Ochando Casasempere, Miguel A"]
[Result "1-0"]
[WhiteElo "1960"]
[BlackElo "1734"]
[PlyCount "69"]
[EventDate "2014.08.05"]
[EventType "swiss"]
[EventRounds "9"]
[EventCountry "ESP"]
[Source "lmi"]
[SourceDate "2014.08.05"]

1. e4 c6 2. d4 d5 3. e5 Bf5 4. h4 h6 5. g4 Bg6 6. h5 Bh7 7. e6 fxe6 8. Bd3 Bxd3
9. Qxd3 Qd6 10. f4 Nd7 11. Qg6+ Kd8 12. Nf3 e5 13. fxe5 Qxg6 14. hxg6 e6 15.
Ng5 hxg5 16. Rxh8 Nh6 17. Bxg5+ Kc7 18. Bxh6 Bb4+ 19. c3 Rxh8 20. Bxg7 Rh1+ 21.
Kf2 Be7 22. Kg2 Rh4 23. Kg3 Rh1 24. Nd2 Rxa1 25. Bh6 Nf6 26. exf6 Bxf6 27. g5
Bh8 28. g7 Bxg7 29. Bxg7 Rxa2 30. g6 Kd7 31. Bf8 Ke8 32. g7 Kf7 33. Nf3 Rxb2
34. Ne5+ Kg8 35. Ng4 1-0

[Event "Almansa 2014 - Torneo B"]
[Site "Almansa ESP"]
[Date "2014.08.06"]
[Round "2.6"]
[White "De La Calle Fuentes, Sergio"]
[Black "Boj Marques, Javier"]
[Result "0-1"]
[WhiteElo "1716"]
[BlackElo "1950"]
[PlyCount "80"]
[EventDate "2014.08.05"]
[EventType "swiss"]
[EventRounds "9"]
[EventCountry "ESP"]
[Source "lmi"]
[SourceDate "2014.08.05"]

1. e4 e6 2. d4 d5 3. Nc3 Nf6 4. Bg5 Bb4 5. e5 h6 6. Bd2 Bxc3 7. bxc3 Ne4 8. Bd3
Nxd2 9. Qxd2 c5 10. Ne2 c4 11. f4 cxd3 12. Qxd3 b6 13. O-O Ba6 14. Qe3 Qd7 15.
a4 Nc6 16. Rf3 Bxe2 17. Qxe2 Na5 18. g4 h5 19. Rh3 h4 20. Qf2 O-O-O 21. Rxh4
Kb7 22. f5 Rxh4 23. Qxh4 Rc8 24. Qh7 Rxc3 25. Qxg7 exf5 26. Rf1 Rc7 27. gxf5
Qxa4 28. c3 Qb3 29. Rf3 Nc6 30. Kg2 a5 31. h4 a4 32. Qg3 a3 33. c4 Qb2+ 34. Rf2
Qxd4 35. Qxa3 dxc4 36. Ra2 Qg4+ 37. Kf1 Qxf5+ 38. Kg2 Qe4+ 39. Kf1 Qd3+ 40. Kg2
Qxa3 0-1

[Event "Almansa 2014 - Torneo B"]
[Site "Almansa ESP"]
[Date "2014.08.06"]
[Round "2.7"]
[White "Nadal Fajardo, Ricard"]
[Black "Castillo Garcia, Adrian"]
[Result "1/2-1/2"]
[WhiteElo "1941"]
[BlackElo "1719"]
[PlyCount "118"]
[EventDate "2014.08.05"]
[EventType "swiss"]
[EventRounds "9"]
[EventCountry "ESP"]
[Source "lmi"]
[SourceDate "2014.08.05"]

1. e4 d6 2. d4 g6 3. Nf3 Bg7 4. Nc3 Nf6 5. Be2 Nbd7 6. h3 O-O 7. Be3 e5 8. dxe5
Nxe5 9. Nxe5 dxe5 10. Bc5 Re8 11. Qxd8 Rxd8 12. Be7 Re8 13. Bxf6 Bxf6 14. Nd5
Bd8 15. Ne3 Be6 16. Bc4 Bg5 17. Bxe6 Rxe6 18. Nd5 Bd8 19. Ke2 c6 20. Ne3 Rd6
21. Rad1 Rd4 22. f3 Bb6 23. c3 Rdd8 24. Rxd8+ Rxd8 25. Rd1 Kf8 26. Rxd8+ Bxd8
27. Kd3 Ke7 28. a4 Kd7 29. b4 f6 30. b5 c5 31. Kc4 Kd6 32. b6 Bxb6 33. Kb5 Bd8
34. Nc4+ Ke6 35. Kxc5 Be7+ 36. Kb5 Kd7 37. Ne3 Bd8 38. Nd5 Kd6 39. Kb4 Kc6 40.
Kc4 a5 41. Ne3 Bb6 42. Ng4 Bd8 43. g3 h5 44. Ne3 Bb6 45. Nd5 Bd8 46. g4 hxg4
47. fxg4 g5 48. Ne3 Bb6 49. Nf5 Bd8 50. Nh6 Bb6 51. Nf7 Bc7 52. Nh8 Bb6 53. Ng6
Bc5 54. h4 gxh4 55. Nxh4 Bb6 56. Nf3 Bc7 57. g5 fxg5 58. Nxg5 Bd8 59. Nf3 Bc7
1/2-1/2

[Event "Almansa 2014 - Torneo B"]
[Site "Almansa ESP"]
[Date "2014.08.06"]
[Round "2.8"]
[White "Garcia Ruano, Juan Carlos"]
[Black "Amoros Perez, Manuel"]
[Result "1-0"]
[WhiteElo "1930"]
[BlackElo "1711"]
[PlyCount "85"]
[EventDate "2014.08.05"]
[EventType "swiss"]
[EventRounds "9"]
[EventCountry "ESP"]
[Source "lmi"]
[SourceDate "2014.08.05"]

1. d4 e6 2. c4 d5 3. Nc3 Nf6 4. Nf3 h6 5. e3 c5 6. Be2 cxd4 7. Nxd4 Bc5 8. cxd5
Nxd5 9. Bf3 Bxd4 10. Qxd4 Nf6 11. Qxd8+ Kxd8 12. O-O Nc6 13. b3 Ne5 14. Rd1+
Ke7 15. Ba3+ Ke8 16. Nb5 Nxf3+ 17. gxf3 Nd5 18. e4 a6 19. Nd6+ Kf8 20. exd5 Kg8
21. Nxc8 Rxc8 22. dxe6 fxe6 23. Rac1 Kh7 24. Rxc8 Rxc8 25. Rd2 Kg6 26. Kf1 Rc7
27. Ke2 Kf5 28. Bd6 Rc6 29. Bf8 Rc7 30. a4 h5 31. a5 g6 32. b4 g5 33. Bc5 g4
34. fxg4+ hxg4 35. Rd8 e5 36. Rh8 Ke4 37. h4 gxh3 38. Rxh3 Rf7 39. Rh4+ Kd5 40.
Ke3 Rg7 41. Rh6 Rg4 42. Rd6+ Kc4 43. Rd7 1-0

[Event "Almansa 2014 - Torneo B"]
[Site "Almansa ESP"]
[Date "2014.08.06"]
[Round "2.9"]
[White "Bueno Del Amo, Valentin"]
[Black "Ceron Carrion, Cesar"]
[Result "0-1"]
[WhiteElo "1707"]
[BlackElo "1916"]
[PlyCount "52"]
[EventDate "2014.08.05"]
[EventType "swiss"]
[EventRounds "9"]
[EventCountry "ESP"]
[Source "lmi"]
[SourceDate "2014.08.05"]

1. e4 c5 2. Nf3 d6 3. d4 cxd4 4. Nxd4 Nf6 5. Nc3 g6 6. Be3 Bg7 7. Bc4 O-O 8. f3
Nc6 9. Qd2 Bd7 10. O-O-O Ne5 11. Bb3 Rc8 12. g4 b5 13. h4 a5 14. g5 Nh5 15. f4
b4 16. Nce2 Nc4 17. Bxc4 Rxc4 18. Qd3 Qc8 19. Rhg1 a4 20. Ng3 Nxf4 21. Bxf4
Bxd4 22. Rh1 b3 23. axb3 axb3 24. Rh2 Ba4 25. Rdd2 bxc2 26. b3 Bb2+ 0-1

[Event "Almansa 2014 - Torneo B"]
[Site "Almansa ESP"]
[Date "2014.08.06"]
[Round "2.10"]
[White "Espinosa Moreno, Carlos"]
[Black "Escalante Ortega, Fernando"]
[Result "1/2-1/2"]
[WhiteElo "1669"]
[BlackElo "1860"]
[PlyCount "54"]
[EventDate "2014.08.05"]
[EventType "swiss"]
[EventRounds "9"]
[EventCountry "ESP"]
[Source "lmi"]
[SourceDate "2014.08.05"]

1. e4 c5 2. Nf3 Nc6 3. d4 cxd4 4. Nxd4 Nf6 5. Nc3 e5 6. Ndb5 d6 7. Bg5 a6 8.
Na3 b5 9. Nd5 Be7 10. Bxf6 Bxf6 11. c3 Be6 12. Nxf6+ Qxf6 13. Qf3 Qe7 14. Nc2
O-O 15. Ne3 Kh8 16. h4 Rg8 17. h5 Na5 18. Rd1 Rad8 19. b3 Nc6 20. g4 b4 21. Nf5
Bxf5 22. exf5 e4 23. Qe3 bxc3 24. Qxc3 Ne5 25. Be2 Rge8 26. Kf1 Qb7 27. Rh3 d5
1/2-1/2

[Event "Almansa 2014 - Torneo B"]
[Site "Almansa ESP"]
[Date "2014.08.06"]
[Round "3.1"]
[White "Idiazabal Troyas, Aritz"]
[Black "Piqueras Guardiola, Francisco"]
[Result "1-0"]
[WhiteElo "1979"]
[BlackElo "1830"]
[PlyCount "85"]
[EventDate "2014.08.05"]
[EventType "swiss"]
[EventRounds "9"]
[EventCountry "ESP"]
[Source "lmi"]
[SourceDate "2014.08.05"]

1. e4 c5 2. Nf3 Nc6 3. d3 g6 4. g3 Bg7 5. Bg2 d6 6. O-O Nf6 7. c3 O-O 8. Nbd2
e5 9. Ne1 Ng4 10. h3 Nh6 11. g4 f5 12. exf5 gxf5 13. gxf5 Nxf5 14. Ne4 Qe8 15.
Kh2 b6 16. Rg1 d5 17. Ng3 Be6 18. Nh5 Nce7 19. c4 dxc4 20. Bxa8 Qxa8 21. Bg5
Ng6 22. Nxg7 Nxg7 23. Qe2 cxd3 24. Qxd3 Rxf2+ 25. Rg2 Rf8 26. Rd1 Qc8 27. h4
Nf4 28. Bxf4 Rxf4 29. Qg3 Bg4 30. Nd3 h5 31. Nxf4 exf4 32. Qb3+ c4 33. Qc3 Qc7
34. Rd5 f3+ 35. Rg3 Qe7 36. Qe5 Qb4 37. Rd8+ Kh7 38. Qe4+ Bf5 39. Rxg7+ Kxg7
40. Qe5+ Kg6 41. Rd6+ Qxd6 42. Qxd6+ Kf7 43. Qd5+ 1-0

[Event "Almansa 2014 - Torneo B"]
[Site "Almansa ESP"]
[Date "2014.08.06"]
[Round "3.2"]
[White "Sanchez Serrano, Emilio"]
[Black "Alvarez Morales, Miguel"]
[Result "1/2-1/2"]
[WhiteElo "1811"]
[BlackElo "1979"]
[PlyCount "90"]
[EventDate "2014.08.05"]
[EventType "swiss"]
[EventRounds "9"]
[EventCountry "ESP"]
[Source "lmi"]
[SourceDate "2014.08.05"]

1. d4 Nf6 2. c4 e6 3. Nc3 Bb4 4. f3 d5 5. a3 Bxc3+ 6. bxc3 b6 7. cxd5 exd5 8.
e3 O-O 9. Bd3 Re8 10. Ne2 c5 11. O-O Nc6 12. Ng3 a5 13. Re1 Ra7 14. Ra2 Rae7
15. Rae2 Qd6 16. Nf5 Bxf5 17. Bxf5 b5 18. Bb2 b4 19. dxc5 Qxc5 20. cxb4 axb4
21. axb4 Nxb4 22. Qd4 Qxd4 23. Bxd4 Nc6 24. Bxf6 gxf6 25. Kf2 d4 26. Be4 dxe3+
27. Rxe3 Ne5 28. h3 Kg7 29. Bc2 Rc7 30. Be4 Rb8 31. g4 Rb4 32. Kg3 Ra7 33. R3e2
Ra3 34. Re3 Raa4 35. R3e2 Rd4 36. Re3 Nc4 37. Rd3 Rxd3 38. Bxd3 Ne5 39. Be4 Ra3
40. Re2 Ra1 41. Rb2 Rg1+ 42. Rg2 Rxg2+ 43. Kxg2 h5 44. Kg3 hxg4 45. hxg4 Kh6
1/2-1/2

[Event "Almansa 2014 - Torneo B"]
[Site "Almansa ESP"]
[Date "2014.08.06"]
[Round "3.3"]
[White "Moreno Brocalero, Jorge"]
[Black "Porlan Minarro, Antonio"]
[Result "1-0"]
[WhiteElo "1960"]
[BlackElo "1810"]
[PlyCount "61"]
[EventDate "2014.08.05"]
[EventType "swiss"]
[EventRounds "9"]
[EventCountry "ESP"]
[Source "lmi"]
[SourceDate "2014.08.05"]

1. e4 d6 2. d4 Nf6 3. Bd3 e5 4. d5 Nbd7 5. Be3 Be7 6. f3 c6 7. c4 cxd5 8. cxd5
Qa5+ 9. Qd2 Bd8 10. b4 Qc7 11. Nc3 a5 12. Rc1 axb4 13. Nb5 Qb8 14. Rxc8 Qxc8
15. Nxd6+ Kf8 16. Nxc8 Rxc8 17. Qxb4+ Kg8 18. Ne2 h6 19. O-O Kh7 20. Bb5 Nb6
21. a4 Na8 22. Qb2 Bc7 23. Nc1 Ne8 24. Nd3 f6 25. Nc5 Bb6 26. Qf2 Nd6 27. Ne6
Bxe3 28. Qxe3 Nc7 29. Nxc7 Rxc7 30. Rc1 Re7 31. Qb6 1-0